Congresso Penitenziario Internazionale di Stocolma / (Record no. 179345)
[ view plain ]
| 000 -LEADER | |
|---|---|
| campo de control de longitud fija | 01166nam a2200253 i 4500 |
| 001 - NÚMERO DE CONTROL | |
| campo de control | 179345 |
| 003 - IDENTIFICADOR DE NÚMERO DE CONTROL | |
| campo de control | ES-MaACL |
| 005 - FECHA Y HORA DE LA ÚLTIMA TRANSACCIÓN | |
| campo de control | 20250719062548.0 |
| 008 - DATOS DE LONGITUD FIJA--INFORMACIÓN GENERAL | |
| campo de control de longitud fija | 111108s1877 it |||| | ita d |
| 100 1# - ENTRADA PRINCIPAL--NOMBRE DE PERSONA | |
| Nombre de persona | De Foresta, Adolfo. |
| 9 (RLIN) | 51730 |
| 245 10 - MENCIÓN DEL TÍTULO | |
| Título | Congresso Penitenziario Internazionale di Stocolma / |
| Mención de responsabilidad, etc. | Adolfo de Foresta. |
| 260 ## - PUBLICACIÓN, DISTRIBUCIÓN, ETC. | |
| Lugar de publicación, distribución, etc. | Roma : |
| Nombre del editor, distribuidor, etc. | [s.n.], |
| Fecha de publicación, distribución, etc. | 1877 ( |
| Fabricante | Tip. Artero e Comp.) |
| 300 ## - DESCRIPCIÓN FÍSICA | |
| Extensión | 15 p. ; |
| Dimensiones | 21 cm. |
| 440 ## - MENCIÓN DE SERIE/PUNTO DE ACCESO ADICIONAL--TÍTULO | |
| 9 (RLIN) | 237356 |
| Título | Rivista di Discipline Carcerarie |
| 500 ## - NOTA GENERAL | |
| Nota general | Estratto del fasc. 12, anno VI, della Rivista di Discipline Carcerarie. |
| 505 8# - NOTA DE CONTENIDO CON FORMATO | |
| Nota de contenido con formato | Contiene: A quali condizioni le pene della deportazione o della trasportazione (transportation) potrebbero rendere utili servizi all' Amministrazione delle giustizia penale? |
| 650 #4 - PUNTO DE ACCESO ADICIONAL DE MATERIA--TÉRMINO DE MATERIA | |
| Término de materia o nombre geográfico como elemento de entrada | Deportación. |
| 9 (RLIN) | 135876 |
| 711 2# - ENTRADA AGREGADA--NOMBRE DE REUNIÓN | |
| Nombre de congreso/reunión o jurisdicción como elemento de entrada | Congreso Penitenciario Internacional ( |
| Fecha del congreso o de la firma del tratado | 1878. |
| Sede del congreso/Lugar de la reunión | Estocolmo) |
| 9 (RLIN) | 165779 |
| 852 1# - LOCALIZACIÓN | |
| Ubicación | BA |
| Número de control de estantería | D-221(7) |
| Nota libre | - Forma parte de la col. facticia: "Estudios penitenciarios" |
| -- | .- Donativo Lastres |
| 903 ## - NOMBRE PERSONAL DE DONANTE | |
| a | Lastres y Juiz, Francisco, |
| d | 1848-1918 |
| q | 1 |
| e | Donante |
| 9 | 70504 |
| 942 ## - ELEMENTOS DE ENTRADA SECUNDARIOS (KOHA) | |
| Fuente del sistema de clasificación o colocación | Clasificación decimal universal |
| Tipo de ítem Koha | Folleto |
| Estatus retirado | Estado de pérdida | Fuente del sistema de clasificación o colocación | Estado de daño | No para préstamo | Colección | Biblioteca de origen | Biblioteca actual | Ubicación en estantería | Fecha de adquisición | Fuente de adquisición | Total de préstamos | Signatura topográfica completa | Código de barras | Visto por última vez | Precio de reemplazo | Tipo de ítem Koha |
|---|---|---|---|---|---|---|---|---|---|---|---|---|---|---|---|---|
| Clasificación decimal universal | Colección de folletos | Biblioteca del Ateneo de Madrid | Biblioteca del Ateneo de Madrid | Sala Valle Inclán | 08/11/2011 | Donación | D-221(7) | 901188406 | 23/02/2023 | 23/02/2023 | Folleto |
